El Crèdit i els municipis : la Caixa de Crèdit de la Mancomunitat de Catalunya / per Joan Pelegrí i Nicolau ; amb un pròleg de Miquel Vidal i Guardiola la Caixa de Crèdit de la Mancomunitat de Catalunya / per Joan Pelegrí i Nicolau ; amb un pròleg de Miquel Vidal i Guardiola
Descripción Física:
98 p., [1] f. , 22 cm
Otros Autores:
Vidal Guardiola, Miquel, pr
MARC
| LEADER | 00000nam a2200000Ia 4500 | ||
|---|---|---|---|
| 001 | 407 | ||
| 008 | 160829s1919 xx 000 0 cat d | ||
| 080 | |a M-2-203 | ||
| 100 | |a Pelegrí i Nicolau, Joan |9 25220 | ||
| 245 | |a El Crèdit i els municipis : |b la Caixa de Crèdit de la Mancomunitat de Catalunya / per Joan Pelegrí i Nicolau ; amb un pròleg de Miquel Vidal i Guardiola | ||
| 260 | |a Barcelona : |b Impremta Elzeviriana, |c 1919 | ||
| 300 | |a 98 p., [1] f. , 22 cm | ||
| 590 | |a Prové de 3197. - Hi ha un duplicat a: DUP-258 | ||
| 650 | |a Crèdits |x Catalunya |9 42527 | ||
| 650 | |a Caixa de Crèdit Comunal |9 24071 | ||
| 700 | |a Vidal Guardiola, Miquel, pr. |9 42528 | ||
| 901 | |a Arxiu | ||
| 942 | |n 1 | ||
| 952 | |0 0 |1 0 |4 0 |6 M2203 |7 1 |9 50887 |a Arxiu |b Arxiu |d 2016-12-01 |l 0 |o M-2-203 |p 407 |r 2016-12-01 00:00:00 |w 2016-12-01 |y ARXIU | ||
| 999 | |c 54729 |d 54729 | ||